000 01639nam a2200217 4500
005 20250402142417.0
008 250402b |||||||| |||| 00| 0 eng d
020 _a9781647284435
037 _cTextual
040 _aRTL
_cRTL
084 _aX9(U8) R3
_qRTL
245 _aTechnology application in the tourism and hospitability industry
260 _aUSA
_bWillford Press
_c2023
300 _aix, 240p.
_bIncludes list of contributors and index
520 _aTravel technology refers to the use of IT (information technology) or ICT (information and communication technology) in the travel, hospitality and tourism industry. Most significant examples of technological applications in tourism and hospitality comprise online travel and tourism agencies, flight tracking, and programs where tourists review their experiences. There are numerous benefits of travel technology such as saving time, surpassing the barriers of luggage and reducing paper work. Technology has directly aided in increasing operational efficiency, lowering costs, and improving consumer experience and services in tourism. This book includes some of the vital pieces of work being conducted across the world, on various topics related to the application of technology in tourism and hospitality industry. It includes contributions of experts, which will provide innovative insights into this field.
650 _aTourism--Technoloy innovations
_9751741
650 _aHospitality industry--Technological innovations
_9751742
650 _aTourism--Data processing
_9751743
700 _aGilson, Paula
_eEditor
_9751744
942 _2CC
_n0
_cTB
_hX9(U8) R3
999 _c1308392
_d1308392